书目信息 |
| 题名: |
中文图书采访工作手册
|
|
| 作者: | 李德跃 主编 | |
| 分册: | ||
| 出版信息: | 北京 北京图书馆出版社 2004 |
|
| 页数: | 359页 | |
| 开本: | 26cm | |
| 丛书名: | 《图书馆文献采访工作手册》系列丛书 | |
| 单 册: | ||
| 中图分类: | G253.1 | |
| 科图分类: | ||
| 主题词: | 中文--文献--图书补充 | |
| 电子资源: | ||
| ISBN: | 7-5013-2413-1 | |
| 000 | 00874oam2 2200265 45 | |
| 001 | 0900000007595 | |
| 005 | 20051027154104.82 | |
| 010 | @a7-5013-2413-1@dCNY60.00 | |
| 092 | @aCN | |
| 100 | @a20040702d2004 ekmy0chiy0120 ea | |
| 101 | 0 | @achi |
| 102 | @aCN@b110000 | |
| 102 | @aCN@b110000 | |
| 105 | @ay z 000yy | |
| 200 | 1 | @a中文图书采访工作手册@Azhong wen tu shu cai fang gong zuo shou ce@f李德跃主编@FLi De Yue Zhu Bian |
| 210 | @a北京@c北京图书馆出版社@d2004 | |
| 215 | @a359页@d26cm | |
| 225 | 2 | @a《图书馆文献采访工作手册》系列丛书@f陈源蒸主编 |
| 330 | @a本书内容包括三篇,第一篇为采访工作概论,第二篇为采访工作实务,第三篇为采访人员素质修养。 | |
| 410 | @12001 @a《图书馆文献采访工作手册》系列丛书 | |
| 606 | 0 | @a中文@x文献@x图书补充 |
| 690 | @aG253.1@v4 | |
| 701 | 0 | @a李德跃@4主编 |
| 801 | 0 | @aCN@bCXYBOOK@c20051027 |
| 905 | @a10447@dG253.1@e61 | |
| 中文图书采访工作手册/李德跃主编.-北京:北京图书馆出版社,2004 |
| 359页;26cm.-(《图书馆文献采访工作手册》系列丛书/陈源蒸主编) |
| ISBN 7-5013-2413-1:CNY60.00 |
| 本书内容包括三篇,第一篇为采访工作概论,第二篇为采访工作实务,第三篇为采访人员素质修养。 |
| ● |
| 相关链接 |
|
|
|
|
正题名:中文图书采访工作手册
索取号:G253.1/61
 
预约/预借
| 序号 | 登录号 | 条形码 | 馆藏地/架位号 | 状态 | 备注 |
| 1 | 0337055 | 203370556 | 第四借阅区/ [索取号:G253.1/61] | 在馆 | |
| 2 | 0337056 | 203370565 | 第四借阅区/ [索取号:G253.1/61] | 在馆 | |
| 3 | 0355079 | 3550794 | 第一样本阅览室/ [索取号:G253.1/61] | 在馆 | |
| 4 | 0355080 | 3550801 | 第四借阅区/ [索取号:G253.1/61] | 在馆 | |
| 5 | 0355081 | 3550810 | 第四借阅区/ [索取号:G253.1/61] | 在馆 |